000 00584nam a22001937a 4500
005 20251108164948.0
008 250721s1979 xx 000 0 ara d
082 1 4 _a658.01/جار
100 1 _aجاردنر، نيلي
245 1 0 _aالصعود إلى القمة /
264 1 _aعمان :
_bالمطبعة الأردنية،
_c1979.
300 _a203ص
650 1 7 _aالإدارة
650 1 7 _aتقنيات الإدارة
700 1 _aمرار، فيصل فخري
_eترجمة
700 1 _aالضامن، عبد الله عليان
942 _2ddc
_cBK
999 _c18518
_d18518